Damso - Chansons de l'album J'AI MENTI. - Statistiques

Statistiques générales
  • Ce quiz a été pris 147 fois
  • Le résultat moyen est 9 sur 11
Statistiques - réponses
Hint Réponse % Correct
J'AI MENTI. 6 Alpha (feat. Kalash)
96%
J'AI MENTI. 1 CHROME
92%
J'AI MENTI. 11 DAMSAUTISTE
88%
J'AI MENTI. 2 Laisse-moi tranquille.
84%
J'AI MENTI. 7 Schéma
82%
J'AI MENTI. 8 Conséquences
81%
J'AI MENTI. 9 24h plus tôt
80%
J'AI MENTI. 5 Mony (feat. Michkavie)
74%
J'AI MENTI. 4 Tout tenter (feat. Angèle)
74%
J'AI MENTI. 10 La rue est morte.
70%
J'AI MENTI. 3 Limbisa ngai (feat. Kalash Criminel)
67%
Aucun quiz correspondant
Distribution des résultats
% des personnes avec chaque résultat
Percentile par nombre de réponses
Votre historique - résultats
Vous n’avez pas pris ce quiz